Lokavidya perspectives : (Record no. 143870)

MARC details
000 -LEADER
fixed length control field 00591nam a22001817a 4500
005 - DATE AND TIME OF LATEST TRANSACTION
control field 20170829112144.0
010 ## - LCCN (DPL NO)
LC control number ENG-120132
020 ## - INTERNATIONAL STANDARD BOOK NUMBER
Terms of availability 1195.00
International Standard Book Number 9789350023310
035 ## - SYSTEM CONTROL NUMBER
System control number EN-103664
037 ## - SOURCE OF ACQUISITION
Source of stock number/acquisition DBAD/PUB
082 ## - DEWEY DECIMAL CLASSIFICATION NUMBER
Classification number 306.42
245 ## - TITLE STATEMENT
Title Lokavidya perspectives :
Statement of responsibility, etc edited by Amit Basole
Remainder of title a philosophy of political imagination for the knowledge age /
260 ## - PUBLICATION, DISTRIBUTION, ETC. (IMPRINT)
Place of publication, distribution, etc Delhi
Name of publisher, distributor, etc AAKAR BOOKS
Date of publication, distribution, etc 2015
270 ## - ADDRESS
Address 28 E Pocket IV, Mayur Vihar Phase I,
City Delhi
Postal code 110091
300 ## - PHYSICAL DESCRIPTION
Extent xiii,471p.
Dimensions 21cm(Hb)
700 ## - ADDED ENTRY--PERSONAL NAME
Personal name Basole, Amit
942 ## - ADDED ENTRY ELEMENTS (KOHA)
Source of classification or shelving scheme Dewey Decimal Classification
Item type English Books
Classification part 306.42
Call number suffix LOK
Holdings
Withdrawn status Lost status Not for loan Collection code Home library Current library Date acquired Source of acquisition Cost, normal purchase price Full call number Barcode Copy number Cost, replacement price Koha item type
      Non-fiction Kasturba Gandhi Marg Kasturba Gandhi Marg 28/08/2017 DBAD/PUB 1195.00 306.42 LOK EN-103664 1 1195.00 English Books

© Delhi Public Library
Hit Counter
free hit counter